| 000 | 00350pab a2200145 454500 | ||
|---|---|---|---|
| 008 | 180718b1997 xxu||||| |||| 00| 0 eng d | ||
| 100 | _aMahajan, Krishan | ||
| 245 | _aEnforcing environmental law: some issues | ||
| 260 | _c1997 | ||
| 300 | _ap.119-21 | ||
| 362 | _aAug | ||
| 650 | _aEnvironmental legislation | ||
| 773 | _aYojana | ||
| 909 | _a35157 | ||
| 999 |
_c35157 _d35157 |
||